[Event "Bad Woerishofen op"]
[Site "Bad Woerishofen"]
[Date "2001.??.??"]
[Round "6"]
[White "Liszka, Guenter"]
[Black "Probst, Joachim"]
[Result "1/2-1/2"]
[WhiteElo "1750"]
[BlackElo "1925"]
[Annotator "ChessOrg"]
[PlyCount "131"]
[EventDate "1998.03.05"]
[Source "ChessBase"]
[SourceDate "1998.04.29"]

1. e4 {B13: Caro-Kann (Abtausch-Variante 4.c4)} 1... c6 2. d4 d5 3. exd5 cxd5
4. Bd3 Nc6 5. c3 Nf6 6. Ne2 {letzter Buchzug} 6... e6 7. O-O Bd6 8. Bf4 Bxf4 9.
Nxf4 O-O 10. Nh5 g6 11. Nxf6+ Qxf6 12. f4 a6 13. a4 Bd7 14. Kh1 Rac8 15. Nd2
Qg7 16. Nf3 f6 17. Qe2 Rce8 18. Qc2 Kh8 19. Rae1 Re7 (19... e5 20. fxe5 fxe5
21. Nxe5 Rxf1+ 22. Rxf1 Nxe5 23. dxe5 Qxe5 24. Qf2 $14) 20. Re3 (20. Qb3 20...
Rb8 $14) 20... Qh6 (20... e5 21. fxe5 fxe5 22. dxe5 22... Bg4 $14) 21. Nh4 (21.
g3 $5 $14 $142) 21... e5 $15 22. Bf5 $4 (22. Qf2 Qxf4 23. Bxg6 Qxf2 24. Rxf2
exd4 25. Rxe7 Nxe7 26. Bc2 dxc3 27. bxc3 $19) 22... Bxf5 (22... gxf5 $5 $142
23. g3 $19) 23. Nxf5 gxf5 24. Rh3 (24. Qxf5 exd4 25. Rxe7 25... Nxe7 $19) 24...
Qg6 25. Rg3 Qe8 26. Qxf5 (26. dxe5 fxe5 27. Rd3 27... Qd7 $19) 26... exf4 (
26... exd4 $5 $142 27. Qxd5 Re1 28. Qf3 $19) 27. Qxf4 Re1 28. Rgf3 Rxf1+ 29.
Rxf1 Qf7 30. Re1 Rg8 31. h3 Ne7 32. Rf1 Rf8 33. Qd6 Kg7 34. Rf3 Ng6 (34... Re8
$5 $19 $142) 35. Rf5 $17 35... Qe7 36. Qxd5 Qe1+ 37. Kh2 Ne7 (37... Rf7 38. Rf3
$15) 38. Qd7 (38. Qxb7 $5 $142 38... Rf7 39. Rf3 $14) 38... Rf7 $15 39. Rf3 Ng6
40. Qd5 Qe2 41. b4 Qc2 42. a5 Re7 43. Qd6 Rf7 (43... f5 44. Rf1 $15) 44. Qd5
Qe2 45. Qf5 Qe7 46. Rg3 Qd6 47. h4 Kh8 48. h5 Ne7 49. Qg4 (49. Qc5 Qf4 50. Kh3
50... Qe4 $15) 49... f5 $19 50. Qf3 (50. Qe2 50... Nd5 $19) 50... Rg7 51. Kh3
Rxg3+ 52. Qxg3 f4 (52... Qxg3+ $5 53. Kxg3 53... Kg7 $19) 53. Qg5 $17 53...
Qe6+ (53... h6 $5 54. Qg4 54... Qf6 $17) 54. Kh2 $11 54... Qd6 55. Kh3 h6 56.
Qe5+ (56. Qg4 Qc7 57. c4 Qxc4 58. Qxf4 Qe6+ 59. Kh2 59... Kg7 $17) 56... Qxe5
$19 57. dxe5 Nd5 58. Kg4 Kg7 59. Kf5 Nxc3 60. Ke6 Kf8 (60... Na2 $5 $142 61.
Kd7 Nxb4 62. e6 $19) 61. Kd7 Nd5 62. e6 Ne7 (62... b5 $5 $17 $142) 63. Kd8 Nc6+
(63... Nf5 64. Kd7 $15) 64. Kd7 $11 64... Ne7 65. Kd8 Nc6+ (65... Nf5 66. Kd7
$15) 66. Kd7 $11 1/2-1/2

[Event "Bad Woerishofen op"]
[Site "Bad Woerishofen"]
[Date "2001.??.??"]
[Round "8"]
[White "Liszka, Guenter"]
[Black "Kleinhenz, Hans-Georg"]
[Result "1/2-1/2"]
[WhiteElo "1750"]
[BlackElo "2038"]
[Annotator "ChessOrg"]
[PlyCount "60"]
[EventDate "1998.03.05"]
[Source "ChessBase"]
[SourceDate "1998.04.29"]

1. e4 {C01: Franzoesische Verteidigung (Abtauschvariante)} 1... e6 2. d4 d5 3.
exd5 exd5 4. Bd3 Nc6 5. c3 Bd6 6. Ne2 Nge7 7. Bf4 7... Bg4 {letzter Buchzug} 8.
Bxd6 Qxd6 9. O-O O-O 10. Re1 Bh5 11. Qc2 Bg6 12. Nd2 Bxd3 13. Qxd3 Qg6 14. Qxg6
(14. Qf3 14... Rfe8 $14) 14... Nxg6 $11 15. Ng3 Rae8 16. Nf3 f6 17. Nf5 Nce7
18. Ne3 c6 19. Rad1 Nc8 20. Kf1 Kf7 21. h4 Nd6 22. g3 Ne7 23. Nd2 Nef5 24. Nxf5
Nxf5 25. Kg2 h5 26. Kf3 g6 27. Kg2 Rxe1 28. Rxe1 Re8 29. Rxe8 Kxe8 30. Kf3 Ke7
1/2-1/2

[Event "Bad Woerishofen op"]
[Site "Bad Woerishofen"]
[Date "2001.??.??"]
[Round "2"]
[White "Luhn, Robert"]
[Black "Heyl, Thomas"]
[Result "0-1"]
[WhiteElo "1800"]
[BlackElo "2053"]
[Annotator "ChessOrg"]
[PlyCount "62"]
[EventDate "1998.03.05"]
[Source "ChessBase"]
[SourceDate "1998.04.29"]

1. Nf3 {D37: Damengambit (5.Lf4)} 1... d5 2. d4 Nf6 3. c4 e6 4. Nc3 Nbd7 5. Bf4
c6 6. c5 {letzter Buchzug} 6... Be7 7. h3 O-O 8. Qb1 b6 9. b4 bxc5 10. bxc5 Qa5
11. Qc2 Ne4 12. Bd2 Nxd2 13. Qxd2 (13. Nxd2 e5 14. Nb3 14... Qa3 $15) 13... e5
$15 14. e3 exd4 15. exd4 Re8 16. Be2 Ba6 17. O-O (17. Rc1 $5 $17) 17... Bxe2
$19 18. Nxe2 Qxd2 19. Nxd2 Bf6 (19... Bxc5 20. Nb3 $19) 20. Rfe1 (20. Rae1 $5
$15 $142) 20... Nxc5 $1 $19 21. Nb3 Nxb3 (21... Nd3 $5 22. Red1 $19) 22. axb3
$17 22... c5 23. Nf4 (23. Kf1 cxd4 24. Nf4 d3 25. Rxe8+ 25... Rxe8 $17) 23...
Red8 (23... Bxd4 24. Rxe8+ Rxe8 25. Rd1 $19) 24. Nxd5 $2 (24. Ne2 $5 $17 $142)
24... Rxd5 $19 25. Rxa7 Rdd8 26. Rxa8 $17 26... Rxa8 27. dxc5 Ra1 28. Kf1 Rxe1+
29. Kxe1 Bd4 30. c6 Bb6 31. Ke2 Kf8 (31... Kf8 32. b4 32... Ke7 $19) 0-1

[Event "Bad Woerishofen op"]
[Site "Bad Woerishofen"]
[Date "2001.??.??"]
[Round "4"]
[White "Luhn, Robert"]
[Black "Antoniacci, Riccardo"]
[Result "1-0"]
[WhiteElo "1800"]
[BlackElo "2052"]
[Annotator "ChessOrg"]
[PlyCount "59"]
[EventDate "1998.03.05"]
[Source "ChessBase"]
[SourceDate "1998.04.29"]

1. Nf3 {B35: Sizilianisch (Beschleunigtes Fianchetto)} 1... c5 2. e4 Nc6 3. d4
cxd4 4. Nxd4 g6 5. Nc3 Bg7 6. Be3 Nf6 7. Bc4 Qa5 8. O-O O-O 9. Bb3 d6 10. h3
Bd7 11. f4 11... Rfe8 {letzter Buchzug} 12. Qd3 Qh5 13. Rf3 Nxd4 (13... Na5 14.
Bf2 $11) 14. Bxd4 $14 14... Bc6 15. Re1 Nd7 16. Bd5 Nb6 (16... Nc5 17. Qd2 $11)
17. Bb3 (17. Bxg7 Kxg7 18. f5 18... Nd7 $14) 17... Bxd4+ (17... Nd7 18. Bxg7
Kxg7 19. Bd5 $11) 18. Qxd4 $14 18... Qc5 19. Qxc5 dxc5 20. Bd5 Nxd5 (20... Rad8
21. Rd3 $11) 21. exd5 $14 21... Bd7 22. g4 a5 23. Rfe3 Kf8 24. Ne4 b6 25. c4
Kg7 26. Ng5 h6 27. Nf3 27... f6 $4 (27... Kf8 $14 $142) 28. Rxe7+ $18 28... Kf8
29. Rxd7 Rxe1+ 30. Nxe1 (30. Nxe1 Re8 31. Kf2 $18) 1-0

[Event "Bad Woerishofen op"]
[Site "Bad Woerishofen"]
[Date "2001.??.??"]
[Round "6"]
[White "Luhn, Robert"]
[Black "Mader, Kurt"]
[Result "1-0"]
[WhiteElo "1800"]
[BlackElo "1900"]
[Annotator "ChessOrg"]
[PlyCount "57"]
[EventDate "1998.03.05"]
[Source "ChessBase"]
[SourceDate "1998.04.29"]

1. Nf3 {D07: Damengambit (Tschigorin-Verteidigung)} 1... Nc6 2. d4 d5 3. c4
3... g6 {letzter Buchzug} 4. cxd5 Qxd5 5. Nc3 Qd8 6. d5 Nb8 7. e4 Bg7 8. Bc4 c6
9. O-O Nf6 10. Bf4 O-O 11. a4 Qb6 12. Qb3 Nbd7 (12... Bg4 13. Qxb6 axb6 14. Nd2
$11) 13. Qa2 (13. d6 Qxb3 14. Bxb3 14... Nc5 $14) 13... a5 (13... cxd5 14. exd5
Qb4 15. a5 $11) 14. h3 (14. d6 14... e6 $16) 14... Nh5 15. Bh2 Nhf6 (15... Qb4
$5 $14) 16. d6 (16. dxc6 bxc6 17. Bxf7+ 17... Kh8 $16) 16... e6 17. Bf4 (17.
Rfd1 17... Qb4 $16) 17... Ne8 (17... Qc5 $5 18. Bg3 b5 19. axb5 19... cxb5 $14)
18. e5 $16 18... Kh8 19. Rfe1 Rg8 (19... f6 $5 20. exf6 20... Ndxf6 $16) 20.
Ne4 h6 21. h4 Nf8 (21... Qd8 22. Rad1 $16) 22. Rab1 Bd7 23. b3 Nh7 (23... c5
24. Be3 Bc6 25. Bxc5 $18) 24. Qd2 Bf8 (24... h5 $18 $142) 25. Bxh6 Ng7 (25...
Bg7 $18) 26. Be3 Qd8 27. Bg5 Qe8 (27... Qc8 28. Bf6 g5 29. Nexg5 $18) 28. Bf6
b5 (28... g5 29. Bd3 c5 30. Nexg5 c4 31. Nxh7 Bc6 32. Nxf8 Rxf8 33. Qh6+ Kg8
34. Qxg7#) 29. Qh6 (29. Qh6 bxc4 30. Nfg5 Bxd6 31. Qxh7#) 1-0

[Event "Bad Woerishofen op"]
[Site "Bad Woerishofen"]
[Date "2001.??.??"]
[Round "8"]
[White "Luhn, Robert"]
[Black "Maniocha, Marek"]
[Result "1/2-1/2"]
[WhiteElo "1800"]
[BlackElo "2073"]
[Annotator "ChessOrg"]
[PlyCount "76"]
[EventDate "1998.03.05"]
[Source "ChessBase"]
[SourceDate "1998.04.29"]

1. Nf3 {E94: Koenigsindisch (Klassisches System)} 1... Nf6 2. d4 g6 3. c4 Bg7
4. Nc3 d6 5. e4 O-O 6. Be2 Nbd7 7. O-O e5 8. Be3 Re8 9. d5 9... a5 {
letzter Buchzug} 10. a3 Nc5 11. Qc2 a4 12. Bxc5 dxc5 13. Nd2 Bd7 14. Rae1 Rf8
15. Bd1 Ne8 16. f4 exf4 17. e5 Qe7 18. Rxf4 Bxe5 19. Nf3 f6 20. Nxe5 fxe5 21.
Rxf8+ Qxf8 22. Rxe5 Nd6 23. Qe2 Qf6 24. Re7 Bg4 25. Qe1 Bxd1 26. Nxd1 Qd4+ 27.
Kh1 Rf8 28. h3 (28. Rxc7 Re8 (28... Nxc4 $6 29. Rxb7 Qe4 30. Qg1 $11 (30. Qxe4
$4 30... Rf1#)) (28... Qxc4 $6 29. Ne3 Qf4 30. Rxc5 $17) 29. Qg1 29... Qd2 $19)
28... Qxc4 29. Qe6+ Nf7 30. Nc3 Qf1+ 31. Kh2 Qf4+ 32. Kh1 Qc1+ 33. Kh2 Qxb2 34.
Ne4 Qd4 (34... Qxa3 35. Rxf7 Rxf7 36. Ng5 Kg7 37. Qxf7+ Kh6 38. Ne6 Qe3 39.
Qg7+ Kh5 40. Qxh7+ Qh6 41. g4+ Kh4 42. Qxh6#) 35. Nf6+ Kg7 36. Nd7 Qf4+ 37. Kg1
Rd8 38. Ne5 Rf8 1/2-1/2

[Event "Bad Woerishofen op"]
[Site "?"]
[Date "2001.??.??"]
[Round "1"]
[White "Loew, Gerald"]
[Black "Carl, Werner"]
[Result "1-0"]
[WhiteElo "2283"]
[BlackElo "1896"]
[Annotator "ChessOrg"]
[PlyCount "143"]
[EventDate "2000.??.??"]

1. c4 {A15: Englisch gegen Koenigs-Fianchetto} 1... Nf6 2. g3 d6 3. Bg2 c6 4.
Nc3 g6 5. e3 Bg7 6. Nge2 O-O 7. d3 {letzter Buchzug} 7... e5 8. O-O Nbd7 9. Rb1
Re8 10. b4 Nf8 11. b5 c5 12. d4 $15 (12. f4 $5 $11) 12... Rb8 $11 (12... cxd4
13. exd4 exd4 14. Nxd4 $15) 13. dxc5 dxc5 14. Qa4 Qb6 15. Ba3 Bf5 16. e4 Bd7
17. Qb3 17... Qc7 $14 (17... Ne6 18. Rbd1 $11) 18. b6 $11 (18. Nd5 $5 18... Qc8
19. Rbd1 $14) 18... axb6 19. Qxb6 19... Rec8 $14 (19... Qxb6 $5 20. Rxb6 20...
Bc6 $11) 20. Qxc7 Rxc7 21. f4 Be6 22. Nd5 Nxd5 23. cxd5 $14 (23. exd5 Bf5 24.
Rb3 24... Ra8 $14) 23... Bg4 24. Nc3 exf4 25. Nb5 (25. Rxf4 $143 25... Bxc3 26.
Rxg4 Bd4+ 27. Kf1 27... Ra8 $15) 25... Rcc8 26. Rxf4 Be2 27. Bf1 27... Bxf1 $16
(27... Bxb5 28. Rxb5 (28. Bxb5 $143 28... Ra8 29. Bb2 29... Bh6 $11) 28... Bd4+
29. Kh1 $11) 28. Rbxf1 f6 29. Bb2 Nd7 30. a4 $11 (30. Rd1 $5 $14) 30... Ra8 31.
Nd6 Rc7 32. Nb5 Rcc8 33. Nd6 Rc7 34. Ra1 c4 35. Bc3 Bf8 36. Nb5 Rc5 37. Nd4 (
37. Bxf6 $2 37... Nxf6 38. Rxf6 38... Bg7 $19) 37... Rcc8 38. Ne6 Be7 39. Kg2
39... b5 $14 (39... Bd6 40. Rf2 $11) 40. axb5 Rxa1 41. Bxa1 c3 42. Rf1 Ba3 43.
Nd4 43... Rc4 $14 (43... c2 $5 $142 44. Ne2 44... Rc4 $17) 44. Nc2 44... Bd6
$16 (44... Bb2 45. Kf3 $14) 45. Rc1 45... Be5 $16 (45... Kf7 46. h3 $14) 46.
Kf3 Rc5 47. Ne3 Nb6 48. Ke2 Na4 (48... f5 49. exf5 gxf5 50. Nxf5 $16) 49. Ng4
Rxb5 50. Nxe5 fxe5 51. Bxc3 51... Rc5 $18 (51... Nxc3+ 52. Rxc3 Rb2+ 53. Ke3
Rxh2 54. Rc7 $16) 52. Bb2 Rxc1 53. Bxc1 Nc5 54. Ke3 Kf7 55. Ba3 Nd7 56. Bd6 g5
57. g4 Kg6 58. Kd3 h5 59. h3 hxg4 60. hxg4 Nf6 61. Bxe5 Nxg4 62. Kd4 Kf7 63.
Bg3 Ke7 (63... Kg6 64. Be1 $18) 64. e5 Nh6 65. Ke4 Kd7 (65... Ng4 66. Be1 $18)
66. Be1 g4 (66... Ke7 67. Bb4+ Kf7 68. Bc5 $18) 67. e6+ Ke8 68. d6 Ng8 (68...
Kf8 69. d7 Nf7 70. Bb4+ Kg7 71. exf7 Kxf7 72. d8=Q Kg6 73. Qg8+ Kf6 74. Bf8 g3
75. Qg7+ Ke6 76. Qe7#) 69. Bh4 (69. d7+ Kd8 70. Ba5+ Ke7 71. d8=Q+ Kxe6 72.
Qd5+ Ke7 73. Bb4+ Kf6 74. Bf8 Nh6 75. Qd6+ Kf7 76. Qe7+ Kg6 77. Qg7+ Kh5 78.
Qxh6#) 69... Ne7 (69... Kf8 70. d7 Kg7 71. d8=Q Kh7 72. Qc7+ Kh8 73. Bg3 Nf6+
74. Kf5 Nd7 75. exd7 Kg7 76. d8=Q+ Kh6 77. Qh4#) 70. Bxe7 g3 71. Bh4 (71. Ke5
g2 72. Kf6 g1=Q 73. d7#) 71... g2 (71... Kf8 72. d7 Kg7 73. Kf5 Kh7 74. d8=Q g2
75. Bf6 g1=Q 76. Qh8#) 72. d7+ (72. d7+ Kf8 73. Bf6 Kg8 74. d8=Q+ Kh7 75. Kf5
g1=Q 76. Qh8#) 1-0

[Event "Bad Woerishofen op"]
[Site "Bad Woerishofen"]
[Date "2001.??.??"]
[Round "3"]
[White "Loew, Gerald"]
[Black "Krotofil, Kurt"]
[Result "1-0"]
[WhiteElo "2283"]
[BlackElo "2137"]
[Annotator "ChessOrg"]
[PlyCount "99"]
[EventDate "1998.03.05"]
[Source "ChessBase"]
[SourceDate "1998.04.29"]

1. c4 {E09: Katalanisch} 1... Nf6 2. g3 e6 3. Bg2 d5 4. Nf3 Be7 5. O-O O-O 6.
Qc2 c6 7. d4 Nbd7 8. Nbd2 b6 9. e4 dxe4 10. Nxe4 Bb7 11. Rd1 Qc8 12. Nc3 {
letzter Buchzug} 12... Bb4 13. Bf4 Bxc3 14. Qxc3 c5 15. Rac1 Be4 16. dxc5 Nxc5
17. b4 Ncd7 18. Bf1 a5 19. a3 axb4 20. axb4 Ra2 21. Rd2 Rxd2 22. Nxd2 Bb7 23.
Be2 Ne4 (23... Rd8 24. Nf3 $11) 24. Nxe4 $14 24... Bxe4 25. Rd1 Bb7 26. Qd4 Qc6
27. f3 27... Nf6 $2 (27... Bc8 $5 28. Qd6 28... Qa4 $16) 28. Be5 (28. b5 28...
Qc8 $18) 28... Ne8 (28... b5 29. Bxf6 gxf6 30. Qxf6 30... bxc4 $18) 29. b5 Qc5
30. Qxc5 bxc5 31. Rd7 Bc8 32. Rd8 Nf6 33. Rxf8+ Kxf8 34. Bd6+ Ke8 35. Bxc5 Kd7
36. Bd4 Kc7 37. Kf2 Kd6 38. Ke1 (38. f4 Nd7 39. Bxg7 39... Kc5 $18) 38... e5
39. Be3 (39. c5+ Kd5 40. Be3 40... h6 $18) 39... Nd7 40. Kd2 f5 41. Kc3 Nc5 42.
Kb4 Nb7 (42... Ne6 $18) 43. c5+ Kc7 44. c6 Nd8 45. Kc5 Ne6+ 46. Kd5 Nd4 47.
Bxd4 exd4 48. Kc5 Be6 (48... Bb7 49. b6+ 49... Kc8 $18) 49. b6+ Kb8 (49... Kc8
50. Ba6+ Kd8 51. Kd6 Ba2 52. c7+ Ke8 53. c8=Q+ Kf7 54. Qxf5+ Kg8 55. Qc8+ Kf7
56. Qd7+ Kf6 57. Qe7+ Kg6 58. Bd3+ Kh5 59. Qh4#) 50. Ba6 (50. Ba6 d3 51. c7+
Ka8 52. b7+ Ka7 53. b8=Q+ Kxa6 54. Qb6#) 1-0

[Event "Bad Woerishofen op"]
[Site "Bad Woerishofen"]
[Date "2001.??.??"]
[Round "5"]
[White "Loew, Gerald"]
[Black "Hempel, Olaf"]
[Result "1-0"]
[WhiteElo "2283"]
[BlackElo "2146"]
[Annotator "ChessOrg"]
[PlyCount "67"]
[EventDate "1998.03.05"]
[Source "ChessBase"]
[SourceDate "1998.04.29"]

1. c4 {A11: Reti-Eroeffnung} 1... Nf6 2. g3 c6 3. Bg2 d5 4. Nf3 g6 5. b3 Bg7 6.
Bb2 O-O 7. O-O a5 8. Qc2 Re8 9. d3 9... Bf5 {letzter Buchzug} 10. h3 Na6 11. a3
Rc8 12. Nbd2 b5 13. g4 Be6 14. Rac1 Qb6 15. Ne5 (15. g5 Nh5 16. Bxg7 16... Nxg7
$11) 15... Nd7 (15... b4 16. a4 $11) 16. Nxd7 Bxd7 17. Bxg7 Kxg7 18. Qb2+ d4 (
18... e5 19. cxd5 cxd5 20. Rxc8 Bxc8 21. Bxd5 $16) 19. c5 $16 19... Qc7 20.
Qxd4+ e5 21. Qe3 Rf8 (21... f5 $5 $16) 22. Ne4 $18 22... Rcd8 23. g5 Bf5 24.
Nd6 Qe7 (24... f6 $18 $142) 25. Bxc6 Nc7 26. f4 f6 27. gxf6+ (27. Nxf5+ $6
27... gxf5 28. fxe5 28... fxe5 $18) 27... Rxf6 (27... Qxf6 28. fxe5 Qe6 29. Bg2
Qxb3 30. Qg5 $18) 28. Qxe5 Ne6 (28... Kf8 29. Rf3 $18) 29. Kh2 (29. Rf3 Rxd6
30. cxd6 Qa7+ 31. Re3 a4 32. bxa4 Qxa4 33. Bxb5 33... Qxa3 $18) 29... Kg8 (
29... Bxh3 30. Rg1 (30. Kxh3 $143 30... Nxf4+ 31. Qxf4 Rxf4 32. Rxf4 Qe3+ 33.
Bf3 33... Qxf4 $19 (33... Qxc1 $6 34. Rf7+ Kg8 35. Rc7 $15)) 30... b4 31. e3
$18) 30. Bd5 (30. Bxb5 $143 30... Bxh3 31. Rf2 31... Rff8 $18) 30... Kf8 31. d4
(31. e4 $5 31... a4 $18) 31... Nc7 32. Qxe7+ (32. e4 $5 $142 32... Nxd5 33.
exd5 Rdxd6 34. cxd6 34... Qd8 $18) 32... Kxe7 33. Bg2 (33. Nxf5+ $6 33... gxf5
34. e4 fxe4 35. Bxe4 Rxd4 36. Bxh7 36... b4 $18) 33... Re6 (33... Be6 34. b4
axb4 35. axb4 $18) 34. e4 (34. e4 Bxe4 35. Bxe4 $18) (34. Nxf5+ $6 34... gxf5
35. e4 35... fxe4 $18) 1-0

[Event "Bad Woerishofen op"]
[Site "Bad Woerishofen"]
[Date "2001.??.??"]
[Round "6"]
[White "Loew, Gerald"]
[Black "Gutman, Lev"]
[Result "0-1"]
[WhiteElo "2283"]
[BlackElo "2527"]
[Annotator "ChessOrg"]
[PlyCount "80"]
[EventDate "1998.03.05"]
[Source "ChessBase"]
[SourceDate "1998.04.29"]

1. c4 {A16: Englische Eroeffnung} 1... Nf6 2. g3 g6 3. Bg2 Bg7 4. Nc3 O-O 5. d3
c6 6. e4 d6 7. Nge2 7... Na6 {letzter Buchzug} 8. O-O Nd7 9. Bg5 Re8 10. Qd2
Ne5 11. Rad1 (11. b3 11... Bh3 $14) 11... Nc5 $11 12. Qc2 Ne6 13. Be3 c5 14. b3
Nc6 15. Qd2 Ned4 16. Bh6 Bh8 17. Nxd4 cxd4 (17... Nxd4 18. Ne2 $11) 18. Ne2 a5
19. h3 Qb6 20. Rb1 Qc5 21. Kh2 Bd7 22. f4 e6 23. f5 exf5 24. Nf4 Ne7 25. exf5
Nxf5 26. Nd5 Re5 (26... Ne3 $5 $17) 27. Bf4 $15 27... Re6 28. Be4 Ne7 (28...
Rae8 29. Qf2 $11) 29. a3 (29. Bg5 Re8 30. Bxe7 R6xe7 31. Nxe7+ Rxe7 32. Bd5 $16
(32. Bxb7 Qh5 33. Rbe1 Qxh3+ 34. Kg1 Qxg3+ 35. Bg2 35... Be5 $15)) 29... Re8
$11 (29... Qxa3 30. Ra1 Qc5 31. b4 $18) 30. b4 axb4 31. axb4 Qc8 32. Rbe1 b5
33. cxb5 (33. Rc1 Rxe4 34. cxb5 $11) 33... Bxb5 $17 34. Bg5 (34. Rc1 $142 34...
Nc6 35. Rfe1 $17) 34... Rxe4 $4 (34... Nxd5 35. Bxd5 Rxe1 36. Bxf7+ Kf8 37.
Bxe8+ Rxf1 38. Bxb5 $19) 35. dxe4 $4 (35. Nxe7+ $142 35... R8xe7 36. Bxe7 Rxe1
37. Rxe1 $14 (37. Qxe1 $6 37... Bxd3 38. Qc1 38... Qb7 $11)) 35... Nxd5 $19 36.
exd5 Bxf1 37. Rxf1 Qc4 38. Re1 Be5 39. Qg2 Qxb4 40. Rf1 f5 (40... f5 41. Bd2
41... Qc4 $19) 0-1

[Event "Bad Woerishofen op"]
[Site "Bad Woerishofen"]
[Date "2001.??.??"]
[Round "8"]
[White "Loew, Gerald"]
[Black "Schenk, Uwe"]
[Result "1/2-1/2"]
[WhiteElo "2283"]
[BlackElo "2152"]
[Annotator "ChessOrg"]
[PlyCount "108"]
[EventDate "1998.03.05"]
[Source "ChessBase"]
[SourceDate "1998.04.29"]

1. c4 {A21: Englische Eroeffnung} 1... g6 2. g3 Bg7 3. Bg2 e5 4. Nc3 d6 5. e4
c6 6. Nge2 f5 7. d3 Nf6 8. O-O O-O 9. h3 9... Nh5 {letzter Buchzug} 10. exf5
gxf5 (10... Bxf5 $2 11. g4 $18) 11. f4 (11. Re1 f4 12. Nxf4 Nxg3 13. fxg3 exf4
14. Bxf4 Qb6+ 15. d4 15... Qxb2 $14) 11... exf4 12. gxf4 Na6 13. Be3 Bd7 14.
Kh2 Kh8 15. Bf3 Nf6 16. Qd2 Rg8 17. Bf2 Nc5 (17... Qc7 18. Rg1 $11) 18. Nd4 a5
19. Rae1 Bh6 20. Nde2 Ne6 21. d4 21... Ng4+ $2 (21... Rc8 $14 $142) 22. hxg4
$18 22... fxg4 23. Be4 23... g3+ $2 (23... Qe7 $18) 24. Bxg3 Rxg3 (24... Qf6
25. Bc2 $18) 25. Kxg3 (25. Nxg3 $6 25... Qh4+ 26. Kg1 Qxg3+ 27. Qg2 27... Qh4
$16) 25... Qf6 26. Rf3 Rg8+ 27. Kf2 Qh4+ 28. Ke3 Rf8 29. Ref1 Ng5 30. fxg5
Bxg5+ 31. Nf4 Bg4 (31... Rxf4 32. Rxf4 Qg3+ 33. Ke2 Bg4+ 34. Bf3 34... Bxf4 $18
) 32. Nce2 Bxf3 (32... Re8 33. Qxa5 b6 34. Qxb6 $18) 33. Rxf3 (33. Bxf3 $2
33... Rxf4 34. Kd3 Rxf3+ 35. Rxf3 Bxd2 36. Kxd2 Qg5+ 37. Nf4 37... Qf6 $19)
33... Re8 34. Kd3 (34. Qxa5 b5 35. d5 bxc4 36. dxc6 Qh6 37. Qc3+ Qg7 38. Qxg7+
38... Kxg7 $18) 34... Qh6 (34... b5 35. b3 d5 36. cxd5 cxd5 37. Bxd5 37... b4
$18) 35. Rh3 (35. Qxa5 $142 35... b5 36. Bxc6 bxc4+ 37. Kxc4 $18) 35... Qxh3+
36. Nxh3 Bxd2 37. Kxd2 (37. Bxc6 bxc6 38. Kxd2 38... Kg7 $18) 37... Rxe4 $14
38. Ng5 Rg4 (38... Re7 $5 $16) 39. Nf7+ Kg7 40. Nxd6 b6 41. Ke3 Kf6 42. Ne4+
Ke7 43. Nf4 Rg1 44. d5 Kd7 45. Kd4 Rb1 46. Ke5 (46. Nd3 cxd5 47. cxd5 47... Rh1
$18) 46... Re1 (46... Rxb2 47. d6 Kd8 48. Nf6 $18) 47. Nh5 cxd5 48. cxd5 Re2
49. Nhf6+ (49. Nf4 $5 49... Rxb2 50. Nf6+ Kc8 51. d6 $18) 49... Kd8 $16 50.
Nxh7 Rxb2 51. Nhg5 (51. Nc3 $5 $16) 51... Rxa2 $14 52. Ne6+ Kc8 53. d6 Ra1 54.
Nf6 Rd1 1/2-1/2

[Event "Bad Woerishofen op"]
[Site "Bad Woerishofen"]
[Date "2001.??.??"]
[Round "2"]
[White "Maahs, Erich"]
[Black "Jenni, Florian"]
[Result "0-1"]
[WhiteElo "2199"]
[BlackElo "2493"]
[Annotator "ChessOrg"]
[PlyCount "60"]
[EventDate "1998.03.05"]
[Source "ChessBase"]
[SourceDate "1998.04.29"]

1. e4 {C30: Abgelehntes Koenigsgambit} 1... e5 2. f4 Nc6 3. Nf3 f5 4. d3 4...
d6 {letzter Buchzug} 5. Nc3 Nf6 6. Be2 Be7 7. O-O O-O 8. a3 Kh8 9. Kh1 fxe4 10.
dxe4 exf4 11. Nd4 g5 12. Nxc6 bxc6 13. b4 Nd7 14. Bb2 Bf6 15. Qd2 Be5 16. Nd1
Qf6 17. c4 Bxb2 18. Nxb2 Ne5 19. Rac1 Be6 20. c5 d5 21. exd5 Bxd5 22. Nc4 Rad8
23. Qc3 Nxc4 24. Bxc4 Qxc3 25. Rxc3 Rfe8 26. h4 h6 27. Kg1 (27. hxg5 $5 27...
hxg5 28. Rh3+ Kg7 29. Bd3 $17) 27... Bxc4 $19 28. Rxc4 Re3 (28... Re2 29. hxg5
hxg5 30. g3 $19) 29. a4 (29. Rcc1 $5 $17) 29... Rd2 $19 30. Rf2 (30. hxg5 hxg5
31. Kh1 31... Ree2 $19) 30... Re1+ (30... Re1+ 31. Rf1 31... Ree2 $19) 0-1

[Event "Bad Woerishofen op"]
[Site "Bad Woerishofen"]
[Date "2001.??.??"]
[Round "4"]
[White "Maahs, Erich"]
[Black "Heinzel, Olaf"]
[Result "0-1"]
[WhiteElo "2199"]
[BlackElo "2374"]
[Annotator "ChessOrg"]
[PlyCount "56"]
[EventDate "1998.03.05"]
[Source "ChessBase"]
[SourceDate "1998.04.29"]

1. e4 {B01: Skandinavische Verteidigung} 1... d5 2. exd5 Qxd5 3. Nc3 Qd6 4. d4
Nf6 5. Nf3 a6 6. Bg5 {letzter Buchzug} 6... Nbd7 7. Qd2 b5 8. Bf4 Qb6 9. Be2
Bb7 10. O-O e6 11. a4 b4 12. Nd1 c5 13. c3 cxd4 14. cxd4 (14. Nxd4 $2 14... e5
$19) 14... Nd5 15. a5 Qa7 16. Ne5 Rd8 17. Nc4 Nxf4 18. Qxf4 Nf6 19. Nb6 Bd6 20.
Qc1 Nd7 21. d5 Nxb6 (21... exd5 $6 22. Qe3+ Ne5 23. f4 $11) (21... Bxd5 $6 22.
Nxd5 exd5 23. Qc6 $15) 22. axb6 Qxb6 23. dxe6 fxe6 24. Qc4 O-O (24... Bc5 $5
$17) 25. Qxe6+ Kh8 26. Qg4 Rf6 27. Ne3 Rg6 28. Qc4 $4 (28. Qh4 $17 $142) 28...
Qxe3 $5 $19 (28... Qxe3 29. g3 29... Qe5 $19) 0-1